Online
Catalog

Financiamiento de la dinámica empresa pequeña : (Record no. 24046)

MARC details
000 -CABECERA
campo de control de longitud fija 01154nam a2200277 a 4500
001 - NÚMERO DE CONTROL
campo de control 000024553
005 - FECHA Y HORA DE LA ÚLTIMA TRANSACCIÓN
campo de control 20200930023232.0
008 - DATOS DE LONGITUD FIJA--INFORMACIÓN GENERAL
campo de control de longitud fija 110131s1979 mx a r 001 0 spa d
040 ## - FUENTE DE LA CATALOGACIÓN
Centro catalogador/agencia de origen DO-SdBNP
Lengua de catalogación spa
Centro/agencia transcriptor BNPHU
082 ## - NÚMERO DE LA CLASIFICACIÓN DECIMAL DEWEY
Número de clasificación xxxxx
Número de documento/Ítem R658f
049 ## - FONDOS LOCALES (OCLC)
Fondos de biblioteca BNGR
100 1# - ENTRADA PRINCIPAL--NOMBRE DE PERSONA
Nombre de persona Robinson, Roland I.
9 (RLIN) 50328
245 10 - MENCIÓN DE TÍTULO
Título Financiamiento de la dinámica empresa pequeña :
Resto del título problemas de promoción, subsistencia y crecimiento /
Mención de responsabilidad, etc. Roland I. Robinson ; edición J. Fred Weston , Allan Meltzer ; traducción Víctor Paniagua Bravo , Castulo A. Rosales.
250 ## - MENCIÓN DE EDICIÓN
Mención de edición 1a reimp.
260 ## - PUBLICACIÓN, DISTRIBUCIÓN, ETC.
Lugar de publicación, distribución, etc. México, D. F. :
Nombre del editor, distribuidor, etc. contables y administrativas,
Fecha de publicación, distribución, etc. 1979.
300 ## - DESCRIPCIÓN FÍSICA
Extensión ix, 141 p. :
Otras características físicas il. ;
Dimensiones 22 cm.
490 1# - MENCIÓN DE SERIE
Mención de serie Wadsworth en finanzas
500 ## - NOTA GENERAL
Nota general Incluye índice alfabético.
504 ## - NOTA DE BIBLIOGRAFÍA, ETC.
Nota de bibliografía, etc. Incluye referencias bibliográficas y notas al pie de las páginas.
534 ## - NOTA SOBRE LA VERSIÓN ORIGINAL
Frase introductoria Título original en inglés:
Mención de título del original Financing the dymanic small firm.
700 1# - PUNTO DE ACCESO ADICIONAL--NOMBRE DE PERSONA
Nombre de persona Weston, J. Fred,
Término indicativo de función/relación ed.
9 (RLIN) 48686
700 1# - PUNTO DE ACCESO ADICIONAL--NOMBRE DE PERSONA
Nombre de persona Meltzer, Allan,
Término indicativo de función/relación ed.
9 (RLIN) 50329
700 1# - PUNTO DE ACCESO ADICIONAL--NOMBRE DE PERSONA
Nombre de persona Paniagua Bravo, Víctor,
Término indicativo de función/relación tr.
9 (RLIN) 50330
700 1# - PUNTO DE ACCESO ADICIONAL--NOMBRE DE PERSONA
Nombre de persona Rosales, Castulo A.,
Término indicativo de función/relación tr.
9 (RLIN) 50331
830 #0 - PUNTO DE ACCESO ADICIONAL DE SERIE-TÍTULO UNIFORME
Título uniforme Wadsworth en finanzas
9 (RLIN) 50332
Holdings
Estado de retiro Estado de pérdida Restricciones de uso No para préstamo Código de colección Localización permanente Ubicación/localización actual Ubicación en estantería Fecha de adquisición Número de inventario Total de préstamos Signatura topográfica completa Código de barras Fecha visto por última vez Precio válido a partir de Tipo de ítem Koha
        Monografías: Libros y Folletos General General En catalogación 31.01.2011 LF1   xxxxx R658f 24553-10 25.06.2020 25.06.2020 Préstamo en sala

Powered by Koha